Statystyki dla Miasta Polski

Kliknij tutaj aby rozwiązać quiz!

Ogólne statystyki

  • Ten quiz został rozwiązany 324 razy
  • Średni wynik to 12 z 13

Statystyki odpowiedzi

WojewodztwoOdpowiedź% Poprawnych
lodzkieLodz
99%
mazowieckieWarszawa
99%
opolskieOpole
98%
pomorskieGdansk
95%
lubelskieLublin
95%
DolnoslaskieWroclaw
91%
zachodnipomorskieSzczecin
90%
wielkopolskiePoznan
89%
slaskieKatowice
88%
podlaskieBialystok
87%
swietokrzyskieKielce
79%
warminsko-mazurskieOlsztyn
79%
lubuskieGorzow wielkopolski
69%

Rozkład punktacji

Percentyl według liczby udzielonych odpowiedzi

Procent ludzi z każdym wynikiem

Twoja historia wyników

Nie rozwiązałeś tego quizu